Meilleurs buteur du championnat de France - Statistiques

Statistiques générales
  • Ce quiz a été pris 101 fois
  • Le résultat moyen est 23 sur 84
Statistiques - réponses
Hint Réponse % Correct
2018-19 Kylian Mbappé
99%
2019-20 Kylian Mbappé
99%
2020-21 Kylian Mbappé
99%
2021-22 Kylian Mbappé
99%
2016-17 Edinson Cavani
89%
2017-18 Edinson Cavani
89%
2012-13 Zlatan Ibrahimović
87%
2013-14 Zlatan Ibrahimović
87%
2015-16 Zlatan Ibrahimović
87%
2011-12 Olivier Giroud
74%
2014-15 Alexandre Lacazette
71%
2007-08 Karim Benzema
60%
1987-88 Jean-Pierre Papin
53%
1988-89 Jean-Pierre Papin
53%
1989-90 Jean-Pierre Papin
53%
1990-91 Jean-Pierre Papin
53%
1991-92 Jean-Pierre Papin
53%
2008-09 André-Pierre Gignac
46%
2005-06 Pauleta
46%
2006-07 Pauleta
46%
2001-02 Djibril Cissé
43%
2003-04 Djibril Cissé
43%
1957-58 Just Fontaine
39%
1959-60 Just Fontaine
39%
1951-52 Gunnar Andersson
37%
1952-53 Gunnar Andersson
37%
1999-00 Sonny Anderson
37%
2000-01 Sonny Anderson
37%
1997-98 Stéphane Guivarc'h
37%
2009-10 Mamadou Niang
35%
1995-96 Zinédine Zidane Sonny Anderson
33%
2010-11 Moussa Sow
29%
1974-75 Delio Onnis
27%
1979-80 Delio Onnis Erwin Kostedde
27%
1980-81 Delio Onnis
27%
1981-82 Delio Onnis
27%
2002-03 Shabani Nonda
23%
2004-05 Alexander Frei
16%
1998-99 Sylvain Wiltord
16%
1970-71 Josip Skoblar
15%
1971-72 Josip Skoblar
15%
1972-73 Josip Skoblar
15%
1966-67 Hervé Revelli
13%
1969-70 Hervé Revelli
13%
1993-94 Youri Djorkaeff Roger Boli Nicolas Ouédec
12%
1992-93 Alen Bokšić
11%
1950-51 Roger Piantoni Jean Courteaux
11%
1960-61 Roger Piantoni
11%
1973-74 Carlos Bianchi
10%
1975-76 Carlos Bianchi
10%
1976-77 Carlos Bianchi
10%
1977-78 Carlos Bianchi
10%
1978-79 Carlos Bianchi
10%
1965-66 Philippe Gondet
9%
1964-65 Jacky Simon
8%
1955-56 Thadée Cisowski
8%
1956-57 Thadée Cisowski
8%
1958-59 Thadée Cisowski
8%
1968-69 André Guy
5%
1937-38 Jean Nicolas
5%
1946-47 Pierre Sinibaldi
5%
1935-36 Roger Courtois
5%
1938-39 Roger Courtois Désiré Koranyi
5%
1962-63 Serge Masnaghetti
5%
1947-48 Jean Baratte
4%
1948-49 Jean Baratte Jozef Humpal
4%
1982-83 Vahid Halilhodžić
4%
1984-85 Vahid Halilhodžić
4%
1994-95 Vincent Guérin Patrice Loko
4%
1986-87 Bernard Zénier
3%
1949-50 Jean Grumellon
3%
1961-62 Sékou Touré
3%
1985-86 Jules Bocandé
2%
1983-84 Patrice Garande Delio Onnis
2%
1932-33 Robert Mercier Walter Kaiser
2%
1963-64 Ahmed Oudjani
1%
1934-35 André Abegglen
1%
1953-54 Édouard Kargu
1%
1967-68 Étienne Sansonetti
1%
1933-34 Istvan Lukacs
1%
1936-37 Oskar Rohr
1%
1945-46 René Bihel
1%
1954-55 René Bliard
1%
1996-97 Sonny Anderson Stéphane Guivarc'h
1%
Aucun quiz correspondant
Distribution des résultats
% des personnes avec chaque résultat
Percentile par nombre de réponses
Votre historique - résultats
Vous n’avez pas pris ce quiz